Útikalauz a videójátékok magyar zsargonjához [absztrakt] /

Elmentve itt :
Bibliográfiai részletek
Szerző: Mári Tekla
Testületi szerző: Országos Tudományos Diákköri Konferencia (37.)
Dokumentumtípus: Könyv része
Megjelent: Szegedi Tudományegyetem Bölcsészet- és Társadalomtudományi Kar Szeged 2025
Sorozat:Országos Tudományos Diákköri Konferencia : Humán Tudományi Szekció
Kulcsszavak:Nyelvhasználat - videójáték - előadáskivonat
Tárgyszavak:
Online Access:http://acta.bibl.u-szeged.hu/87769
LEADER 00925naa a2200217 i 4500
001 acta87769
005 20250603143212.0
008 250603s2025 hu o 100 hun d
020 |a 978-963-688-043-9 
040 |a SZTE Egyetemi Kiadványok Repozitórium  |b hun 
041 |a hun 
100 1 |a Mári Tekla 
245 1 0 |a Útikalauz a videójátékok magyar zsargonjához   |h [elektronikus dokumentum] :  |b [absztrakt] /  |c  Mári Tekla 
260 |a Szegedi Tudományegyetem Bölcsészet- és Társadalomtudományi Kar  |b Szeged  |c 2025 
300 |a 427 
490 0 |a Országos Tudományos Diákköri Konferencia : Humán Tudományi Szekció 
650 4 |a Bölcsészettudományok 
650 4 |a Nyelvek és irodalom 
695 |a Nyelvhasználat - videójáték - előadáskivonat 
710 |a Országos Tudományos Diákköri Konferencia (37.)  |c Szeged 
856 4 0 |u http://acta.bibl.u-szeged.hu/87769/1/otdk_2025_human_427.pdf  |z Dokumentum-elérés